Podpora finančnej gramotnosti na Slovensku

V Slovenskej republike je problematika finančného vzdelávania na stredných školách realizovaná ako príprava na budúce povolanie, a to pre oblasť bankovníctva, finančníctva a poisťovníctva, prostredníctvom rôznych študijných odborov. Vzhľadom na prudký vývoj ekonomických informácií, ktoré sú v tejto...

Descripción completa

Guardado en:
Detalles Bibliográficos
Autor principal: Guláš, Radoslav
Otros Autores: Pilch, Ctibor, 1957-
Formato: Capítulo de libro
Lenguaje:eslovaco
Materias:
Etiquetas: Agregar Etiqueta
Sin Etiquetas, Sea el primero en etiquetar este registro!

MARC

LEADER 00000nla a2200000 4500
001 0194581
005 20240502073246.7
041 0 |a slo 
044 |a SK 
245 1 0 |a Podpora finančnej gramotnosti na Slovensku  |c Radoslav Guláš, Ctibor Pilch 
520 |a V Slovenskej republike je problematika finančného vzdelávania na stredných školách realizovaná ako príprava na budúce povolanie, a to pre oblasť bankovníctva, finančníctva a poisťovníctva, prostredníctvom rôznych študijných odborov. Vzhľadom na prudký vývoj ekonomických informácií, ktoré sú v tejto oblasti, Ministerstvo školstva SR veľmi pružne reagovalo na aktivity a iniciatívy rôznych podnikateľských, finančných a mimovládnych organizácií, ktoré formou úspešných projektov v ekonomickej a finančnej oblasti vzdelávania pomáhajú obohatiť proces vzdelávania žiakov stredných a základných škôl. Takto vznikla a aj naďalej sa uplatňuje medzi žiakmi a učiteľmi ďalšia forma inovácie obsahu vzdelávania. 
610 2 0 |a vzdelávanie 
610 2 0 |a bankovníctvo 
610 2 0 |a politika vzdelávania 
610 2 0 |a firmy cvičné 
610 2 0 |a gramotnosť finančná 
100 1 |a Guláš, Radoslav 
700 1 |a Pilch, Ctibor, 1957-